000 00864nam a2200217Ia 4500
001 11098
003 GE_BSU
008 181216s||||||||xx |||||||||||||| ||und||
040 _cGE_BSU
080 _a631(031)
245 _aЭнциклопедический словарь юного земпедельца.
245 _bДля среднего и старшего школьного возраста.
245 _cСост.Джахангиров А.Д, Кузмишев.В.Л; Ред.коллегия Иванович К.А.(гл.ред.) Арзутаниян Е.А, Васильев Ю.В. и др.
260 _aМосква.
260 _bПедагогика.
260 _c1983.
300 _a367стр,27см.
300 _eс,илл.
653 _aЭнциклопедический словарь юного земпедельца.
942 _cBK
999 _c44337
_d44337